000 00529nam a2200193Ia 4500
999 _c30023
_d30023
003 OSt
005 20210104101109.0
008 190216s9999||||xx |||||||||||||| ||und||
020 _a9798188014872
040 _coclc
082 _a894.8121
_bKUM/C
100 _aKumaranasan
_97703
245 0 _aChintavishtayaya Seeta /
_cKumaranasan
250 _a2nd Ed.
260 _bLipi Publications,
_c2006.
_aKozhikode:
300 _a64p
650 _aPoem
942 _cBK
_2ddc
_h894.8121
_iKUM/C
_k894.8121
_mKUM/C